[Event "FIDE Grand Prix-I Pool-A 2022"]
[Site "Berlin"]
[Date "2022.02.09"]
[Round "5.1"]
[White "Nakamura, Hikaru"]
[Black "Grischuk, Alexander"]
[Result "1-0"]
[WhiteElo "2736"]
[BlackElo "2764"]
[Annotator "TA"]
[PlyCount "83"]
[EventDate "2022.02.04"]
[EventType "tourn"]
[EventCountry "GER"]
[SourceTitle "playchess.com"]
[Source "ChessBase"]
[SourceQuality "1"]

{[%evp 14,83,44,44,38,19,22,0,0,18,4,0,16,0,0,20,28,28,33,31,33,31,27,23,32,18,26,19,28,19,23,19,22,22,28,23,23,18,18,-6,37,46,33,16,111,100,118,125,128,126,130,133,99,66,136,109,59,65,213,213,213,213,213,212,193,213,213,213,999,943,1552,1520]} 1. d4 Nf6 2. c4 g6 3. Nc3 Bg7 4. e4 d6 5. Be2 O-O 6. Be3 e5 {6...Na6 injects fresh life into this line.} 7. d5 Na6 8. h4 {[%cal Bh2h4,Bh4h5][%mdl 32]} Nc5 {E73: King's Indian: Averbakh Variation without 6...c5.} 9. Qc2 (9. Bxc5 $5 dxc5 10. h5 $11) 9... c6 10. h5 cxd5 {The position is equal.} 11. cxd5 (11. h6 d4 12. hxg7 Re8 $15) 11... Qa5 {[#] ...Ncxe4 is the strong threat.} 12. h6 Bh8 {Hoping for ...Ncxe4.} 13. f3 Bd7 14. Rb1 {Threatens to win with b4.} Na4 (14... Nxd5 {is more complex.} 15. exd5 Bf5 16. Qc1 Bxb1 17. Qxb1 e4) 15. Qd2 {[%cal Oc3b5]} Nxc3 16. bxc3 Qc7 {[#]} 17. g4 $146 ({Predecessor:} 17. c4 b6 18. g4 Bc8 19. Nh3 Nd7 20. Nf2 Nc5 21. Nd3 Bf6 22. Nxc5 bxc5 23. O-O {½-½ (49) Eljanov,P (2676)-Demchenko,A (2679) Germany 2019}) 17... Bc8 18. Nh3 Nd7 19. Nf2 Bf6 20. O-O Be7 21. Kh2 Nc5 22. Nd3 b6 23. Nxc5 bxc5 24. f4 exf4 25. Bxf4 {[%cal Be3f4,Bf4c1,Bc1b2][%mdl 32]} Bd7 26. c4 Rab8 (26... Bf6 $1 $11) 27. Qc3 $14 {[%csl Gh6][%cal Rc3g7]} f6 28. Rb3 {[%cal Og4g5]} Rb6 (28... Rf7 $11) 29. g5 $16 Rf7 30. Bc1 {White is much more active.} Qd8 31. Bb2 $36 {[%mdl 2048] White is really pushing.} Qf8 {[%cal Ob6b4]} 32. Kg2 Bd8 33. Qf3 Bc8 ({Black should try} 33... Rxb3 $14 34. Qxb3 Qe7) 34. Qe3 (34. Bxf6 $6 Bxf6 35. Rxb6 axb6 $11) (34. gxf6 Qxh6 35. Bd3 Ra6 $16) 34... Rxb3 35. axb3 fxg5 {Black cannot hold the game after this.} ({Better is} 35... a5 $1 $14) 36. Qc3 $18 {[%csl Gb2][%cal Rc3h8]} Rxf1 {[%csl Gf1][%cal Rf8f2]} 37. Qh8+ (37. Bxf1 Kf7 $11) 37... Kf7 38. Qxh7+ Ke8 {[%csl Gf1][%cal Rf8f2]} 39. Qxg6+ (39. Bxf1 {[#]} Bh3+ $1 {[%mdl 512]} 40. Kxh3 Qxf1+ 41. Kh2 Qe2+ 42. Kg3 Qe3+ 43. Kh2 Qe2+ 44. Kg3 Qe3+ 45. Kh2 Qd2+ 46. Kh1 Qe1+ 47. Kh2 Qe2+ $19) 39... Ke7 {[%csl Gf1][%cal Rf8f2]} (39... Qf7 $2 40. Qxf7+ Kxf7 41. h7 Bh3+ 42. Kh2 $18) 40. Qxg5+ ({And not} 40. Bxf1 Bh3+ 41. Kxh3 Qxf1+ 42. Kg3 Qg1+ 43. Kh3 Qf1+ 44. Kg4 (44. Kg3 Qg1+ 45. Kh3 Qf1+ $11) 44... Qf4+ 45. Kh3 Qf1+ $11) 40... Rf6 $2 (40... Ke8 41. Qh5+ Rf7 42. h7 $18) (40... Kd7 41. Qg7+ Rf7 42. Bg4+ Kc7 43. Qxf8 Rxf8 44. Bxc8 Kxc8) 41. h7 Kd7 42. Qg8 {Weighted Error Value: White=0.04 (flawless) /Black=0.18 (very precise)} 1-0

[Event "FIDE Grand Prix-I Pool-A 2022"]
[Site "Berlin"]
[Date "2022.02.10"]
[Round "6.1"]
[White "Grischuk, Alexander"]
[Black "Bacrot, Etienne"]
[Result "1-0"]
[WhiteElo "2764"]
[BlackElo "2642"]
[Annotator "TA"]
[PlyCount "146"]
[EventDate "2022.02.04"]
[EventType "tourn"]
[EventCountry "GER"]
[SourceTitle "playchess.com"]
[Source "ChessBase"]
[SourceQuality "1"]

{[%evp 18,146,18,39,49,13,15,16,10,16,20,7,16,5,5,8,0,25,39,39,27,0,0,-158,26,45,162,153,158,156,145,178,272,125,135,16,23,0,55,0,0,0,29,7,283,83,97,97,97,112,112,112,158,122,126,117,171,165,236,218,235,235,320,83,202,224,230,230,316,317,359,349,322,187,187,187,187,187,239,136,124,145,147,100,105,35,106,117,106,109,105,104,106,86,104,87,122,75,88,75,75,75,75,0,0,0,0,0,0,0,0,0,39,50,82,75,82,8,8,8,93,96,314,371,650,650,829,819,721,339,345]} 1. e4 c5 2. Nf3 d6 3. d4 cxd4 4. Nxd4 Nf6 5. Nc3 Nc6 6. Bg5 e6 7. Qd2 a6 8. O-O-O Bd7 9. f3 Nxd4 10. Qxd4 Be7 {B67: Sicilian: Richter-Rauzer: 7...a6 8 0-0-0 Bd7, lines without 9 f4 Be7.} 11. Kb1 Qc7 12. g4 h5 {The position is equal.} 13. gxh5 Nxh5 14. Bxe7 {14.Bxe7 is the recent fashion.} Kxe7 15. Rg1 {[%cal Of3f4] [#]} Qc5 $146 {[#]} ({Predecessor:} 15... g6 16. Qd2 Nf6 17. f4 Rh5 18. Rg5 Rah8 19. e5 Ne8 20. Ne4 d5 21. Rxh5 Rxh5 {0-1 (48) Giri,A (2776)-Vachier Lagrave,M (2758) chess24.com INT 2021}) 16. Qd2 $1 {[%cal Of3f4]} Bc6 (16... Qxg1 $2 17. Qxd6+ Kf6 18. e5+ Kg5 19. Qd2+ (19. Qxd7 Rhd8 $16) 19... Nf4 20. Ne4+ (20. Qxd7 Rad8 $11) 20... Kg6 21. Qxf4 Qxh2 22. Qg5+ Kh7 23. Rxd7 $18) 17. Bc4 {[%cal Of3f4]} Rad8 18. Bb3 g6 19. f4 Nf6 $1 20. Rg5 $2 {[#]} ({Better is} 20. Rge1 $1 $11) 20... Qb6 $2 (20... Nxe4 $1 $17 21. Nxe4 Bxe4 $1 22. Rxc5 dxc5 23. Qxd8+ Rxd8 24. Rxd8 Kxd8) 21. Re1 $11 {[%cal Oc3d5]} Rh7 {[#]} (21... Rh4 $1 $14) 22. Nd5+ $1 $18 {[%mdl 512]} exd5 23. exd5+ {[%mdl 64] Discovered Attack} Kf8 24. dxc6 Qxc6 (24... d5 $142) 25. Qd4 (25. f5 $1 $18 {[%cal Rf5g6] is the precise move to win.} Ne4 26. Qe3) 25... Re8 $16 26. Rgg1 (26. Rd1 $1 $16 Kg7 27. f5) 26... Rxe1+ 27. Rxe1 d5 (27... Kg7 $11) 28. a3 (28. Qe5 Rh5 29. Qe3 b6 $11) (28. f5 $1 $14) 28... Rxh2 $11 29. f5 {Strongly threatening fxg6.} gxf5 30. Qf4 Rg2 {[%mdl 8192]} (30... Rh5 $1 $11 {and Black stays safe.}) 31. Qxf5 $2 (31. Ba4 $1 $18 {White wants to mate with Qh6+.} b5 32. Qh6+ Rg7 33. Rg1 bxa4 34. Qxg7+ Ke7 35. Qg5 (35. Re1+ Ne4 $16)) 31... Kg7 32. Rh1 {[%mdl 1024] White has strong compensation.} Qc5 33. Ka2 Rg1 34. Rh3 Rg6 (34... Qc7 $142) 35. Qe5 $40 {[%mdl 128] White goes for the king.} Qc8 {To avoid Qb8} 36. Rh1 {White is more active.} b5 (36... Qc6 $16 37. c3 Rh6 38. Qg3+ (38. Qg5+ Rg6 $16) 38... Rg6) 37. c3 $18 (37. Bxd5 Qxc2 38. Qb8 Rh6 39. Rxh6 Kxh6 40. Qf8+ (40. Bxf7 Ne4 $16) 40... Kg5 $16) 37... Qe6 (37... Qc6 {is a better defense.} 38. Bc2 Rg2) 38. Qh2 $1 {[%csl Gh1][%cal Rh2h8]} Kf8 39. Qb8+ Ne8 40. Qd8 $2 (40. Rh8+ $18 Rg8 41. Rh5) 40... Kg7 (40... Rh6 $16 {was necessary.} 41. Rxh6 (41. Bxd5 Qf6 $16) (41. Qxd5 Qxd5 42. Bxd5 Rd6 $11) 41... Qxh6) 41. Bxd5 (41. Qh4 $6 Rh6 42. Rg1+ (42. Qg5+ Qg6 $16) 42... Kf8 43. Qb4+ Qd6 $16) 41... Qe5 42. Bb3 $1 ({Don't play} 42. Qd7 $6 Nd6 43. Bb3 Qf6) 42... Qe4 43. Qd1 Nd6 44. Qh5 {[%csl Gh1][%cal Rh5h8] To avoid Rg5} Kf8 45. Bd5 (45. Rd1 $142 {[%cal Od1d6]} Qf4 46. Qh8+ Rg8 47. Qh5) 45... Qf4 46. Qh8+ Rg8 47. Qh3 {Hoping for Qd7.} Qd2 (47... Rg6 $142 48. Bb3 Qe5) 48. Qh5 (48. c4 $18 bxc4 49. Bxc4 $1) 48... Rg5 $16 49. Qh6+ Ke7 50. Bf3 ({White should try} 50. Bc6) 50... Qe3 {[#]} 51. Qh4 Kd7 {[#]} (51... Nf5 $14 52. Qb4+ Nd6) 52. Re1 $1 Qc5 53. Qh3+ Qf5 54. Qh1 {Black must now prevent Bc6+.} Qc5 {Prevents Bc6+.} 55. Rd1 Kc7 56. Rd4 Qe5 57. Bd5 ({White should play} 57. Bd1 $1) 57... Rh5 58. Qf3 Rf5 59. Qg2 a5 {[%cal Ba6a5,Ba5a4][%mdl 32]} 60. Bb3 (60. Rd1 $16) 60... a4 $11 61. Bd5 Qe1 {To avoid Rd1} 62. Ba8 Qe6+ $1 (62... Rf1 {leads to mate.} 63. Qc6+ Kb8 64. Qxd6+ Kxa8 65. Qc6+ Kb8 66. Rd8+ Ka7 67. Ra8#) 63. Bd5 Qe1 64. Bf3 Qe3 65. Bg4 Rf4 66. Rd1 $1 {[%cal Og2d5]} Qe4 {[#]} 67. Qd2 (67. Qh2 $1 $16) 67... Qe5 $1 68. Bh3 Rh4 (68... Re4 $11 {keeps the balance.}) 69. Bg2 $16 {And now Qf2 would win.} Qc5 $2 {[#] To avoid Qf2} (69... Rh5 $16 {might work better.}) 70. Qe1 $1 $18 {Intending Qe7+ and mate. Chess con chili.} Qc4+ $2 (70... Re4 71. Bxe4 Qc4+ 72. Ka1 Qxe4) 71. Ka1 {Qe7+ would kill now.} Kd7 {Inhibits Qe7+.} 72. Bf1 Qe4 73. Qd2 (73. Qf2 $142 {aiming for Qf6.} f5 74. Rd4) 73... Qf4 {Weighted Error Value: White=0.36/Black=0.36} 1-0

[Event "FIDE Grand Prix-I Pool-A 2022"]
[Site "Berlin"]
[Date "2022.02.10"]
[Round "6.2"]
[White "Esipenko, Andrey"]
[Black "Nakamura, Hikaru"]
[Result "1/2-1/2"]
[WhiteElo "2714"]
[BlackElo "2736"]
[Annotator "TA"]
[PlyCount "115"]
[EventDate "2022.02.04"]
[EventType "tourn"]
[EventCountry "GER"]
[SourceTitle "playchess.com"]
[Source "ChessBase"]
[SourceQuality "1"]

{[%evp 9,115,27,18,13,27,18,20,24,19,8,6,0,9,5,36,24,29,19,22,17,86,38,48,30,42,29,62,61,77,74,79,65,74,49,87,55,54,61,54,50,51,51,55,0,162,168,241,144,154,23,88,0,0,0,22,30,272,377,591,523,865,802,672,265,272,268,283,201,184,164,150,157,229,180,190,190,185,87,82,141,140,38,43,8,8,8,8,52,52,8,8,8,31,0,8,8,8,8,8,0,0,0,0,0,0,0,0,0]} 1. e4 e5 2. Nf3 Nc6 3. Bc4 Bc5 4. d3 Nf6 5. a4 a6 6. O-O {C50: Hungarian Defence and Giuoco Pianissimo.} d6 7. a5 Ba7 8. c3 O-O 9. h3 h6 10. Be3 Re8 11. Qb3 Qe7 {[#]} 12. Nbd2 $146 ({Predecessor:} 12. Re1 Bxe3 13. Rxe3 Nd8 14. d4 Ne6 15. dxe5 Nc5 16. Bxf7+ Qxf7 17. Qxf7+ Kxf7 18. exf6 Kxf6 {1-0 (28) Zadruzny,N (2334)-Metaxasz,V (2027) Graz 2020}) 12... Rb8 13. Bxa7 Nxa7 14. d4 Nc6 (14... exd4 $11 {remains equal.} 15. cxd4 (15. Nxd4 Bd7 $11) 15... Be6) 15. Rfe1 ({White should try} 15. d5 $16 Na7 16. Bxa6 $1 {[%mdl 512]}) 15... Bd7 $14 16. d5 Na7 17. Bf1 Nh7 18. c4 Ng5 19. Qe3 Nxf3+ 20. Nxf3 Nc8 21. b4 f5 22. Bd3 Qf6 23. exf5 Bxf5 24. Bxf5 Qxf5 {[#]} 25. Nd4 $1 Qf7 26. f4 (26. Ne6 $14) 26... c6 $2 (26... Nb6 $1 $11 {and Black is okay.} 27. axb6 exd4 28. Qxd4 cxb6) 27. fxe5 $18 cxd5 (27... dxe5 {is a better defense.} 28. Ne6 (28. dxc6 Nd6 $11) 28... Nd6) 28. e6 (28. Qg3 $1 $18) 28... Qg6 $16 29. Rf1 (29. cxd5 $16 {Rf1 is the strong threat.} Ne7 30. Qb3 (30. Qf3 Rf8 $14)) 29... Ne7 (29... dxc4 $11 {keeps the balance.} 30. Rac1 b5) 30. Rf7 {White is much more active.} (30. cxd5 $16 {aiming for Rf7.} Nxd5 31. Qe2) 30... dxc4 $11 31. Raf1 {And now R1f3 would win.} Kh8 32. R1f3 Nc6 $2 {[#]} (32... Nd5 $11 {and Black stays safe.} 33. Qe1 Re7) 33. Nxc6 $1 $18 bxc6 (33... Rxe6 $142 34. Qxe6 Qxe6 35. Nxb8 c3) 34. e7 Kh7 35. Qf4 Rg8 36. Rg3 $2 (36. Rf8) 36... Qe6 37. Re3 Qg6 38. Rf8 Re8 39. Rxg8 {Chess con chili.} Kxg8 40. Qxc4+ Qf7 (40... d5 $16 41. Qxa6 Qb1+ 42. Kh2 Qxb4) 41. Qxa6 ({Don't do} 41. Qxc6 Rxe7 42. Rf3 (42. Rxe7 Qxe7 43. Qd5+ Kh8 $14) 42... Re1+ 43. Kf2 (43. Kh2 Qe6 $14) 43... Qe7 $16) 41... Rxe7 42. Rxe7 Qxe7 {[#]} 43. Qxc6 {[%mdl 4096] Endgame KQ-KQ} (43. Qc8+ $1 $18 Kh7 44. Qxc6 Qe1+ 45. Kh2 Qe5+ 46. g3 Qe2+ 47. Qg2) 43... Qe1+ $16 44. Kh2 Qxb4 45. Qd5+ ({White should play} 45. Qc8+ $16 Kf7 46. Qf5+ Ke8 47. a6) 45... Kh8 $1 $14 46. Qa2 Qf4+ 47. g3 Qd4 48. a6 {Intending a7 and mate.} Qa7 49. h4 (49. Kg2 $14) 49... d5 $1 $11 50. Qe2 Qd4 51. Qa2 {White threatens a7 and mate.} Qa7 {The position is equal.} 52. Kg2 d4 $1 53. Qe2 {Qe8+ would kill now.} Qd7 {Inhibits Qe8+.} 54. Qe4 {Hoping for Qa8+.} d3 55. Qb7 Qd8 56. a7 d2 57. a8=Q d1=Q 58. Qxd8+ {Black escapes into a draw.  Weighted Error Value: White=0.31/Black=0.31} 1/2-1/2